000
00227 a2200097 4500
001
46518
100
_a
Q A Khaliq
245
_a
Fifty lessons to learn Pushto
260
_a
Peshawar
_b
Officers Language
_c
090
_c
29619
_d
29619
942
_a
NUST-CAE
_c
M
_c
21801
999
_c
281591
_d
281591